000 01050cam a22003257a 4500
003 CHAP
005 20220901154848.0
008 000121d1992 r 00010 spa d
010 _a79398
011 _a80370
035 _a90820
040 _cCHAP
090 _aFolleto 15708
110 _aFAO
245 0 _aMensajes radiales sobre alimentación, nutrición y agricultura
_c/por FAO. Oficina Regional para América Latina y el Caribe
260 _aSantiago de Chile :
_bFAO. Oficina Regional para América Latina y el Caribe,
_c1992.
300 _a78 p.
590 _aBATCH-UPD
_b10
_c20130110
590 _aBATCH-UPD
_b10
_c20130410
590 _aBATCH-UPD
_b10
_c20130914
590 _aCONVERSION
_b10
_c20130109
650 1 4 _aAlimentos infantiles.
_94312
650 1 4 _aAlimentos
_xHigiene.
_94224
650 1 4 _aNutrición.
_982246
901 _aBK
905 _aLilia Sánchez G.
942 _cFOLL
_2local
949 _aFolleto 15709
_bBC
_cFOLL
_d908201
_eFAO1
_i90820
_sb
949 _aFolleto 15709
_bBC
_cFOLL
_d908202
_eFAO2
_fc.2
_i90820
_sb
999 _c79398
_d79398